[Event "DEM U16w 2024"]
[Site "Willingen GER"]
[Date "2024.05.19"]
[Round "1"]
[White "Fetahovic, Sarah"]
[Black "Jacobasch, Ronja"]
[Result "0-1"]
[Termination "normal"]
[Board "6"]
[WhiteElo "1761"]
[BlackElo "1813"]
[WhiteClock "00:00:37"]
[BlackClock "00:01:50"]
[PlyCount "80"]
[WhiteFideId "34601546"]
[BlackFideId "34604340"]
[EventCountry "GER"]
[EventRounds "9"]
[EventType "swiss"]
[EventDate "2024.05.18"]

1. e4 {[%clk 01:30:56]} {[%emt 00:00:04]} g6 {[%clk 01:30:57]} {[%emt
00:00:03]} 2. d4 {[%clk 01:31:16]} {[%emt 00:00:10]} Bg7 {[%clk 01:31:22]}
{[%emt 00:00:05]} 3. Nc3 {[%clk 01:31:21]} {[%emt 00:00:25]} d6 {[%clk
01:30:59]} {[%emt 00:00:53]} 4. Be3 {[%clk 01:30:35]} {[%emt 00:01:15]} Nf6
{[%clk 01:30:38]} {[%emt 00:00:51]} 5. Qd2 {[%clk 01:26:58]} {[%emt 00:04:07]}
O-O {[%clk 01:26:36]} {[%emt 00:04:32]} 6. Bh6 {[%clk 01:21:35]} {[%emt
00:05:52]} c5 {[%clk 01:19:17]} {[%emt 00:07:50]} 7. d5 {[%clk 01:03:40]}
{[%emt 00:18:26]} Qb6 {[%clk 01:00:26]} {[%emt 00:19:21]} 8. Rb1 {[%clk
00:40:43]} {[%emt 00:23:27]} e6 {[%clk 00:54:21]} {[%emt 00:06:35]} 9. h4
{[%clk 00:23:19]} {[%emt 00:17:53]} exd5 {[%clk 00:47:56]} {[%emt 00:06:56]}
10. Bxg7 {[%clk 00:14:24]} {[%emt 00:09:24]} Kxg7 {[%clk 00:47:57]} {[%emt
00:00:29]} 11. h5 {[%clk 00:13:56]} {[%emt 00:00:58]} Qc7 {[%clk 00:29:17]}
{[%emt 00:19:09]} 12. hxg6 {[%clk 00:06:37]} {[%emt 00:07:50]} fxg6 {[%clk
00:29:16]} {[%emt 00:00:31]} 13. Qh6+ {[%clk 00:05:12]} {[%emt 00:01:56]} Kg8
{[%clk 00:29:32]} {[%emt 00:00:14]} 14. Nxd5 {[%clk 00:04:23]} {[%emt
00:01:18]} Nxd5 {[%clk 00:26:00]} {[%emt 00:04:02]} 15. Bc4 {[%clk 00:03:55]}
{[%emt 00:00:58]} Be6 {[%clk 00:23:53]} {[%emt 00:02:37]} 16. Bxd5 {[%clk
00:01:14]} {[%emt 00:03:11]} Bxd5 {[%clk 00:23:43]} {[%emt 00:00:40]} 17. exd5
{[%clk 00:01:39]} {[%emt 00:00:05]} Qe7+ {[%clk 00:22:03]} {[%emt 00:02:11]}
18. Kf1 {[%clk 00:01:25]} {[%emt 00:00:44]} Nd7 {[%clk 00:15:24]} {[%emt
00:07:08]} 19. Re1 {[%clk 00:01:05]} {[%emt 00:00:50]} Qf7 {[%clk 00:15:15]}
{[%emt 00:00:39]} 20. f3 {[%clk 00:00:43]} {[%emt 00:00:53]} Rae8 {[%clk
00:11:49]} {[%emt 00:03:56]} 21. Re6 {[%clk 00:00:33]} {[%emt 00:00:39]} Re7
{[%clk 00:08:31]} {[%emt 00:03:49]} 22. Ne2 {[%clk 00:00:35]} {[%emt 00:00:28]}
Nf6 {[%clk 00:01:55]} {[%emt 00:07:05]} 23. Nf4 {[%clk 00:00:38]} {[%emt
00:00:28]} Qg7 {[%clk 00:00:36]} {[%emt 00:01:48]} 24. Rxe7 {[%clk 00:00:40]}
{[%emt 00:00:28]} Qxe7 {[%clk 00:00:50]} {[%emt 00:00:16]} 25. Ne6 {[%clk
00:00:43]} {[%emt 00:00:28]} Rf7 {[%clk 00:00:43]} {[%emt 00:00:37]} 26. Ke2
{[%clk 00:00:40]} {[%emt 00:00:33]} Nxd5 {[%clk 00:00:35]} {[%emt 00:00:38]}
27. Kd1 {[%clk 00:00:31]} {[%emt 00:00:38]} Qxe6 {[%clk 00:00:40]} {[%emt
00:00:25]} 28. Re1 {[%clk 00:00:58]} {[%emt 00:00:03]} Qd7 {[%clk 00:00:44]}
{[%emt 00:00:27]} 29. c4 {[%clk 00:00:56]} {[%emt 00:00:31]} Nf6 {[%clk
00:00:47]} {[%emt 00:00:27]} 30. Qe3 {[%clk 00:00:39]} {[%emt 00:00:47]} Kg7
{[%clk 00:00:44]} {[%emt 00:00:33]} 31. g4 {[%clk 00:00:53]} {[%emt 00:00:16]}
b6 {[%clk 00:00:34]} {[%emt 00:00:41]} 32. Kc1 {[%clk 00:01:09]} {[%emt
00:00:14]} d5 {[%clk 00:00:38]} {[%emt 00:00:26]} 33. g5 {[%clk 00:01:23]}
{[%emt 00:00:16]} Nh5 {[%clk 00:00:32]} {[%emt 00:00:36]} 34. Qe5+ {[%clk
00:01:41]} {[%emt 00:00:12]} Kg8 {[%clk 00:00:52]} {[%emt 00:00:10]} 35. cxd5
{[%clk 00:00:46]} {[%emt 00:01:25]} Nf4 {[%clk 00:00:49]} {[%emt 00:00:32]} 36.
Rd1 {[%clk 00:00:33]} {[%emt 00:00:44]} Qe7 {[%clk 00:00:46]} {[%emt 00:00:32]}
37. Qc3 {[%clk 00:00:34]} {[%emt 00:00:29]} Ne2+ {[%clk 00:01:08]} {[%emt
00:00:09]} 38. Kc2 {[%clk 00:00:34]} {[%emt 00:00:29]} Nxc3 {[%clk 00:01:34]}
{[%emt 00:00:05]} 39. d6 {[%clk 00:00:37]} {[%emt 00:00:27]} Qd8 {[%clk
00:01:30]} {[%emt 00:00:33]} 40. bxc3 {[%clk 00:00:37]} {[%emt 00:00:30]} Rd7
{[%clk 00:01:50]} {[%emt 00:00:11]} 0-1

[Event "DEM U16w 2024"]
[Site "Willingen GER"]
[Date "2024.05.19"]
[Round "1"]
[White "Lorenz, Veronika"]
[Black "Stasaitis, Paulina"]
[Result "1-0"]
[Termination "normal"]
[Board "7"]
[WhiteElo "1858"]
[BlackElo "1692"]
[WhiteClock "00:28:38"]
[BlackClock "00:31:56"]
[PlyCount "123"]
[WhiteFideId "16277406"]
[BlackFideId "34606165"]
[EventCountry "GER"]
[EventRounds "9"]
[EventType "swiss"]
[EventDate "2024.05.18"]

1. e4 {[%clk 01:30:59]} d5 {[%clk 01:30:54]} {[%emt 00:00:06]} 2. exd5 {[%clk
01:31:25]} {[%emt 00:00:04]} Qxd5 {[%clk 01:31:17]} {[%emt 00:00:07]} 3. Nc3
{[%clk 01:31:47]} {[%emt 00:00:08]} Qa5 {[%clk 01:31:42]} {[%emt 00:00:05]} 4.
d4 {[%clk 01:32:09]} {[%emt 00:00:08]} Nf6 {[%clk 01:32:05]} {[%emt 00:00:07]}
5. Nf3 {[%clk 01:32:34]} {[%emt 00:00:06]} Bf5 {[%clk 01:32:28]} {[%emt
00:00:06]} 6. Bc4 {[%clk 01:31:36]} {[%emt 00:01:28]} e6 {[%clk 01:32:42]}
{[%emt 00:00:16]} 7. O-O {[%clk 01:31:24]} {[%emt 00:00:42]} c6 {[%clk
01:31:58]} {[%emt 00:01:13]} 8. Bd2 {[%clk 01:31:23]} {[%emt 00:00:32]} Qc7
{[%clk 01:32:06]} {[%emt 00:00:22]} 9. Re1 {[%clk 01:28:23]} {[%emt 00:03:29]}
Bd6 {[%clk 01:28:36]} {[%emt 00:04:01]} 10. Ne5 {[%clk 01:17:34]} {[%emt
00:11:19]} O-O {[%clk 01:23:26]} {[%emt 00:05:40]} 11. Bf4 {[%clk 01:13:27]}
{[%emt 00:04:36]} Nd5 {[%clk 01:17:57]} {[%emt 00:05:59]} 12. Bxd5 {[%clk
01:12:06]} {[%emt 00:01:52]} exd5 {[%clk 01:17:00]} {[%emt 00:01:27]} 13. Qh5
{[%clk 00:51:19]} {[%emt 00:21:18]} g6 {[%clk 01:01:15]} {[%emt 00:16:14]} 14.
Qf3 {[%clk 00:50:34]} {[%emt 00:01:15]} f6 {[%clk 00:59:43]} {[%emt 00:02:02]}
15. Nd3 {[%clk 00:50:30]} {[%emt 00:00:34]} Bxd3 {[%clk 00:59:31]} {[%emt
00:00:41]} 16. Bxd6 {[%clk 00:50:51]} {[%emt 00:00:10]} Qxd6 {[%clk 00:59:53]}
{[%emt 00:00:08]} 17. Qxd3 {[%clk 00:50:54]} {[%emt 00:00:27]} Nd7 {[%clk
00:59:07]} {[%emt 00:01:16]} 18. Re3 {[%clk 00:49:33]} {[%emt 00:01:52]} f5
{[%clk 00:53:43]} {[%emt 00:05:53]} 19. Rae1 {[%clk 00:48:11]} {[%emt
00:01:52]} Nf6 {[%clk 00:53:00]} {[%emt 00:01:13]} 20. f3 {[%clk 00:46:26]}
{[%emt 00:02:15]} Rae8 {[%clk 00:51:51]} {[%emt 00:01:39]} 21. Re5 {[%clk
00:45:12]} {[%emt 00:01:44]} Qb4 {[%clk 00:39:05]} {[%emt 00:13:16]} 22. b3
{[%clk 00:42:22]} {[%emt 00:03:20]} Kf7 {[%clk 00:36:18]} {[%emt 00:03:17]} 23.
R1e2 {[%clk 00:38:01]} {[%emt 00:04:48]} Nd7 {[%clk 00:33:06]} {[%emt
00:03:45]} 24. Rxe8 {[%clk 00:35:36]} {[%emt 00:02:55]} Rxe8 {[%clk 00:33:27]}
{[%emt 00:00:09]} 25. Rxe8 {[%clk 00:32:20]} {[%emt 00:03:46]} Kxe8 {[%clk
00:33:49]} {[%emt 00:00:08]} 26. Qe3+ {[%clk 00:32:19]} {[%emt 00:00:32]} Kf7
{[%clk 00:31:41]} {[%emt 00:02:38]} 27. a4 {[%clk 00:27:20]} {[%emt 00:05:28]}
Nf8 {[%clk 00:27:52]} {[%emt 00:04:18]} 28. Kf2 {[%clk 00:19:04]} {[%emt
00:08:46]} Ne6 {[%clk 00:24:35]} {[%emt 00:03:49]} 29. Ne2 {[%clk 00:19:24]}
{[%emt 00:00:10]} Qe7 {[%clk 00:22:33]} {[%emt 00:02:31]} 30. g3 {[%clk
00:16:59]} {[%emt 00:02:55]} Qg5 {[%clk 00:16:40]} {[%emt 00:06:23]} 31. Qxg5
{[%clk 00:11:00]} {[%emt 00:06:30]} Nxg5 {[%clk 00:17:02]} {[%emt 00:00:07]}
32. Ke3 {[%clk 00:10:29]} {[%emt 00:01:01]} Kf6 {[%clk 00:14:44]} {[%emt
00:02:48]} 33. Nc1 {[%clk 00:06:24]} {[%emt 00:04:34]} b6 {[%clk 00:14:18]}
{[%emt 00:00:59]} 34. Nd3 {[%clk 00:06:47]} {[%emt 00:00:06]} Nf7 {[%clk
00:14:34]} {[%emt 00:00:14]} 35. h4 {[%clk 00:06:21]} {[%emt 00:00:56]} h6
{[%clk 00:14:29]} {[%emt 00:00:35]} 36. f4 {[%clk 00:05:02]} {[%emt 00:01:49]}
Nd6 {[%clk 00:12:27]} {[%emt 00:02:31]} 37. Ne5 {[%clk 00:05:27]} {[%emt
00:00:06]} Ne4 {[%clk 00:07:26]} {[%emt 00:05:31]} 38. Nxc6 {[%clk 00:05:35]}
{[%emt 00:00:23]} a5 {[%clk 00:07:25]} {[%emt 00:00:31]} 39. Kf3 {[%clk
00:05:12]} {[%emt 00:00:52]} g5 {[%clk 00:04:50]} {[%emt 00:03:05]} 40. hxg5+
{[%clk 00:03:21]} {[%emt 00:02:22]} hxg5 {[%clk 00:05:12]} {[%emt 00:00:08]}
41. fxg5+ {[%clk 00:03:08]} {[%emt 00:00:42]} Kxg5 {[%clk 00:03:18]} {[%emt
00:02:23]} 42. Ne7 {[%clk 00:01:36]} {[%emt 00:02:03]} Nf6 {[%clk 00:03:32]}
{[%emt 00:00:16]} 43. c3 {[%clk 00:26:52]} {[%emt 00:05:11]} Ne4 {[%clk
00:30:03]} {[%emt 00:04:01]} 44. Nxd5 {[%clk 00:26:54]} {[%emt 00:00:28]} Nd2+
{[%clk 00:30:12]} {[%emt 00:00:21]} 45. Kg2 {[%clk 00:27:03]} {[%emt 00:00:22]}
Nxb3 {[%clk 00:30:29]} {[%emt 00:00:13]} 46. Nxb6 {[%clk 00:27:26]} {[%emt
00:00:07]} f4 {[%clk 00:30:25]} {[%emt 00:00:33]} 47. d5 {[%clk 00:26:32]}
{[%emt 00:01:25]} fxg3 {[%clk 00:29:30]} {[%emt 00:01:25]} 48. Kxg3 {[%clk
00:27:00]} {[%emt 00:00:02]} Nc5 {[%clk 00:29:20]} {[%emt 00:00:40]} 49. Kf3
{[%clk 00:26:27]} {[%emt 00:01:02]} Kf6 {[%clk 00:29:08]} {[%emt 00:00:42]} 50.
d6 {[%clk 00:25:18]} {[%emt 00:01:39]} Ke6 {[%clk 00:28:50]} {[%emt 00:00:49]}
51. d7 {[%clk 00:25:14]} {[%emt 00:00:34]} Nxd7 {[%clk 00:28:36]} {[%emt
00:00:43]} 52. Nxd7 {[%clk 00:25:42]} {[%emt 00:00:02]} Kxd7 {[%clk 00:28:57]}
{[%emt 00:00:09]} 53. Ke4 {[%clk 00:26:00]} {[%emt 00:00:12]} Kc6 {[%clk
00:29:17]} {[%emt 00:00:11]} 54. Kd4 {[%clk 00:26:19]} {[%emt 00:00:11]} Kd6
{[%clk 00:29:40]} {[%emt 00:00:07]} 55. c4 {[%clk 00:26:21]} {[%emt 00:00:27]}
Kc6 {[%clk 00:29:56]} {[%emt 00:00:15]} 56. c5 {[%clk 00:26:48]} {[%emt
00:00:04]} Kc7 {[%clk 00:30:14]} {[%emt 00:00:11]} 57. Kd5 {[%clk 00:26:56]}
{[%emt 00:00:22]} Kd7 {[%clk 00:30:32]} {[%emt 00:00:12]} 58. c6+ {[%clk
00:27:18]} {[%emt 00:00:08]} Kc7 {[%clk 00:30:52]} {[%emt 00:00:10]} 59. Kc5
{[%clk 00:27:42]} {[%emt 00:00:05]} Kc8 {[%clk 00:31:16]} {[%emt 00:00:06]} 60.
Kb6 {[%clk 00:28:07]} {[%emt 00:00:06]} Kb8 {[%clk 00:31:38]} {[%emt 00:00:08]}
61. Kxa5 {[%clk 00:28:14]} {[%emt 00:00:22]} Kc7 {[%clk 00:31:56]} {[%emt
00:00:12]} 62. Kb5 {[%clk 00:28:38]} {[%emt 00:00:06]} 1-0

[Event "DEM U16w 2024"]
[Site "Willingen GER"]
[Date "2024.05.19"]
[Round "1"]
[White "Loos, Tilda"]
[Black "Reich, Elisabeth"]
[Result "0-1"]
[Termination "normal"]
[Board "8"]
[WhiteElo "1667"]
[BlackElo "1799"]
[WhiteClock "00:25:26"]
[BlackClock "00:21:21"]
[PlyCount "112"]
[WhiteFideId "34620559"]
[BlackFideId "16239776"]
[EventCountry "GER"]
[EventRounds "9"]
[EventType "swiss"]
[EventDate "2024.05.18"]

1. Nf3 {[%clk 01:30:59]} {[%emt 00:00:01]} Nf6 {[%clk 01:30:55]} {[%emt
00:00:05]} 2. b3 {[%clk 01:31:25]} {[%emt 00:00:04]} g6 {[%clk 01:31:20]}
{[%emt 00:00:04]} 3. Bb2 {[%clk 01:31:53]} {[%emt 00:00:04]} Bg7 {[%clk
01:31:41]} {[%emt 00:00:08]} 4. g3 {[%clk 01:32:20]} {[%emt 00:00:03]} d6
{[%clk 01:32:00]} {[%emt 00:00:12]} 5. d4 {[%clk 01:32:44]} {[%emt 00:00:05]}
O-O {[%clk 01:32:16]} {[%emt 00:00:13]} 6. Bg2 {[%clk 01:33:10]} {[%emt
00:00:05]} Nbd7 {[%clk 01:32:37]} {[%emt 00:00:09]} 7. O-O {[%clk 01:33:29]}
{[%emt 00:00:11]} c6 {[%clk 01:31:37]} {[%emt 00:01:29]} 8. c4 {[%clk
01:32:53]} {[%emt 00:01:07]} Qc7 {[%clk 01:29:08]} {[%emt 00:02:56]} 9. Qc2
{[%clk 01:31:31]} {[%emt 00:01:55]} e5 {[%clk 01:23:53]} {[%emt 00:05:45]} 10.
dxe5 {[%clk 01:31:48]} {[%emt 00:00:13]} dxe5 {[%clk 01:24:22]} {[%emt
00:00:01]} 11. e4 {[%clk 01:28:57]} {[%emt 00:03:21]} Re8 {[%clk 01:21:59]}
{[%emt 00:02:50]} 12. Nc3 {[%clk 01:24:33]} {[%emt 00:04:57]} Nc5 {[%clk
01:17:34]} {[%emt 00:04:54]} 13. Rad1 {[%clk 01:13:31]} {[%emt 00:11:33]} Ne6
{[%clk 01:10:58]} {[%emt 00:07:06]} 14. Ba3 {[%clk 01:04:12]} {[%emt 00:09:49]}
Bf8 {[%clk 01:05:17]} {[%emt 00:06:10]} 15. Bxf8 {[%clk 01:03:19]} {[%emt
00:01:24]} Kxf8 {[%clk 01:02:57]} {[%emt 00:02:50]} 16. Rfe1 {[%clk 00:57:49]}
{[%emt 00:06:00]} b6 {[%clk 00:54:49]} {[%emt 00:08:37]} 17. Qb2 {[%clk
00:45:59]} {[%emt 00:12:21]} Bb7 {[%clk 00:48:07]} {[%emt 00:07:11]} 18. Qa3+
{[%clk 00:43:26]} {[%emt 00:03:04]} Kg7 {[%clk 00:47:16]} {[%emt 00:01:21]} 19.
Qd6 {[%clk 00:40:10]} {[%emt 00:03:46]} Qxd6 {[%clk 00:41:54]} {[%emt
00:05:52]} 20. Rxd6 {[%clk 00:40:32]} {[%emt 00:00:08]} Nc5 {[%clk 00:40:56]}
{[%emt 00:01:28]} 21. b4 {[%clk 00:30:24]} {[%emt 00:10:38]} Ncd7 {[%clk
00:37:30]} {[%emt 00:03:51]} 22. Bh3 {[%clk 00:27:29]} {[%emt 00:03:29]} Nf8
{[%clk 00:35:32]} {[%emt 00:02:26]} 23. a3 {[%clk 00:23:43]} {[%emt 00:04:18]}
h6 {[%clk 00:26:02]} {[%emt 00:10:00]} 24. Bg2 {[%clk 00:22:26]} {[%emt
00:01:47]} Rac8 {[%clk 00:23:56]} {[%emt 00:02:35]} 25. a4 {[%clk 00:15:15]}
{[%emt 00:07:43]} a6 {[%clk 00:18:34]} {[%emt 00:05:51]} 26. Bh3 {[%clk
00:12:18]} {[%emt 00:03:27]} Rc7 {[%clk 00:18:48]} {[%emt 00:00:16]} 27. Bg2
{[%clk 00:10:53]} {[%emt 00:01:56]} Ree7 {[%clk 00:16:02]} {[%emt 00:03:14]}
28. Rd2 {[%clk 00:07:34]} {[%emt 00:03:51]} N8h7 {[%clk 00:14:26]} {[%emt
00:02:06]} 29. h4 {[%clk 00:03:52]} {[%emt 00:04:11]} g5 {[%clk 00:12:09]}
{[%emt 00:02:47]} 30. hxg5 {[%clk 00:03:10]} {[%emt 00:01:12]} hxg5 {[%clk
00:12:21]} {[%emt 00:00:18]} 31. Kh2 {[%emt 00:01:53]} Ng4+ 32. Kg1 {[%clk
00:02:05]} {[%emt 00:00:25]} f6 {[%clk 00:11:24]} {[%emt 00:01:44]} 33. Bh3
{[%clk 00:01:55]} {[%emt 00:00:40]} Nh6 {[%clk 00:11:53]} {[%emt 00:00:01]} 34.
g4 {[%clk 00:01:23]} {[%emt 00:01:03]} Nf8 {[%clk 00:11:28]} {[%emt 00:00:55]}
35. Kh2 {[%emt 00:00:25]} Ng6 {[%clk 00:11:18]} {[%emt 00:00:37]} 36. Ne2
{[%clk 00:01:01]} {[%emt 00:00:59]} c5 {[%clk 00:11:13]} {[%emt 00:00:35]} 37.
Ng3 {[%clk 00:01:01]} {[%emt 00:00:31]} cxb4 {[%clk 00:11:23]} {[%emt
00:00:20]} 38. Rc1 {[%clk 00:00:59]} {[%emt 00:00:31]} Nf4 {[%clk 00:10:55]}
{[%emt 00:00:57]} 39. Nh5+ {[%clk 00:00:42]} {[%emt 00:00:48]} Nxh5 {[%clk
00:10:53]} {[%emt 00:00:33]} 40. gxh5 {[%clk 00:01:11]} {[%emt 00:00:01]} Bxe4
{[%clk 00:10:42]} {[%emt 00:00:41]} 41. Ne1 {[%emt 00:04:57]} a5 {[%clk
00:05:48]} {[%emt 00:01:31]} 42. Bg2 {[%emt 00:02:07]} Bxg2 {[%clk 00:30:38]}
{[%emt 00:05:37]} 43. Nxg2 {[%clk 00:29:25]} {[%emt 00:00:07]} Nf5 {[%clk
00:29:56]} {[%emt 00:01:10]} 44. Ne3 {[%clk 00:26:59]} {[%emt 00:02:58]} Nxe3
{[%clk 00:29:57]} {[%emt 00:00:29]} 45. fxe3 {[%clk 00:27:28]} Rc6 {[%clk
00:29:32]} {[%emt 00:00:53]} 46. Kg3 {[%clk 00:26:52]} {[%emt 00:01:09]} Rec7
{[%clk 00:28:14]} {[%emt 00:01:46]} 47. Rdc2 {[%clk 00:27:05]} {[%emt
00:00:18]} Kh6 {[%clk 00:26:44]} {[%emt 00:02:00]} 48. Kg4 {[%clk 00:27:23]}
{[%emt 00:00:12]} Rc5 {[%clk 00:22:05]} {[%emt 00:05:07]} 49. Kf5 {[%clk
00:25:22]} {[%emt 00:02:34]} R7c6 {[%clk 00:22:27]} {[%emt 00:00:06]} 50. e4
{[%clk 00:25:23]} {[%emt 00:00:30]} Rd6 {[%clk 00:21:39]} {[%emt 00:01:14]} 51.
Rh2 {[%clk 00:25:19]} {[%emt 00:00:38]} Rcc6 {[%clk 00:21:19]} {[%emt
00:00:49]} 52. Rg2 {[%clk 00:25:06]} {[%emt 00:00:44]} Rd3 {[%clk 00:21:19]}
{[%emt 00:00:28]} 53. Ra2 {[%clk 00:24:38]} {[%emt 00:01:00]} Rf3+ {[%clk
00:21:33]} {[%emt 00:00:14]} 54. Kg4 {[%clk 00:24:59]} {[%emt 00:00:12]} Rf4+
{[%clk 00:21:56]} {[%emt 00:00:05]} 55. Kg3 {[%clk 00:25:11]} {[%emt 00:00:18]}
Rxe4 {[%clk 00:22:02]} {[%emt 00:00:25]} 56. Rac2 {[%clk 00:25:26]} {[%emt
00:00:15]} Kxh5 {[%clk 00:21:21]} {[%emt 00:01:10]} 0-1

[Event "DEM U16w 2024"]
[Site "Willingen GER"]
[Date "2024.05.19"]
[Round "1"]
[White "Reddi, Bhuvana"]
[Black "Sayouf, Rafif"]
[Result "1/2-1/2"]
[Termination "normal"]
[Board "9"]
[WhiteElo "1826"]
[BlackElo "1690"]
[WhiteClock "00:03:56"]
[BlackClock "00:25:10"]
[PlyCount "55"]
[WhiteFideId "16287002"]
[BlackFideId "34630333"]
[EventCountry "GER"]
[EventRounds "9"]
[EventType "swiss"]
[EventDate "2024.05.18"]

1. e4 {[%clk 01:30:58]} {[%emt 00:00:01]} e6 {[%clk 01:30:53]} {[%emt
00:00:07]} 2. d4 {[%clk 01:31:24]} {[%emt 00:00:04]} d5 {[%clk 01:31:19]}
{[%emt 00:00:04]} 3. Nc3 {[%clk 01:31:50]} {[%emt 00:00:04]} Nf6 {[%clk
01:31:37]} {[%emt 00:00:12]} 4. Bg5 {[%clk 01:32:14]} {[%emt 00:00:06]} Bb4
{[%clk 01:31:33]} {[%emt 00:00:34]} 5. e5 {[%clk 01:27:46]} {[%emt 00:04:58]}
h6 {[%clk 01:31:56]} {[%emt 00:00:06]} 6. exf6 {[%clk 01:26:24]} {[%emt
00:01:52]} hxg5 {[%clk 01:31:36]} {[%emt 00:00:51]} 7. fxg7 {[%emt 00:00:42]}
Rg8 {[%clk 01:31:49]} {[%emt 00:00:12]} 8. Qh5 {[%clk 01:20:26]} {[%emt
00:06:21]} Qf6 {[%clk 01:31:12]} {[%emt 00:01:07]} 9. Nf3 {[%clk 01:18:27]}
{[%emt 00:02:29]} Qxg7 {[%clk 01:30:38]} {[%emt 00:01:05]} 10. O-O-O {[%clk
01:12:33]} {[%emt 00:06:23]} c5 {[%clk 01:22:45]} {[%emt 00:08:23]} 11. Nb5
{[%emt 00:01:09]} Na6 {[%clk 01:20:33]} {[%emt 00:02:41]} 12. a3 {[%clk
01:02:06]} {[%emt 00:10:19]} Ba5 {[%clk 01:20:04]} {[%emt 00:00:59]} 13. Ne5
{[%emt 00:17:48]} Bc7 {[%clk 01:12:06]} {[%emt 00:08:26]} 14. Nxc7+ {[%emt
00:03:57]} Nxc7 {[%clk 01:12:29]} {[%emt 00:00:03]} 15. Qf3 {[%clk 00:37:59]}
{[%emt 00:03:58]} cxd4 {[%clk 01:10:21]} {[%emt 00:02:39]} 16. Qg3 {[%clk
00:32:32]} {[%emt 00:05:56]} f6 {[%clk 00:59:49]} {[%emt 00:11:03]} 17. Ng4
{[%emt 00:13:16]} e5 {[%clk 00:47:22]} {[%emt 00:12:55]} 18. Re1 {[%clk
00:15:31]} {[%emt 00:04:46]} Bxg4 {[%clk 00:43:40]} {[%emt 00:04:12]} 19. Qxg4
{[%clk 00:15:53]} {[%emt 00:00:07]} Qd7 {[%clk 00:43:59]} {[%emt 00:00:12]} 20.
Qxd4 {[%clk 00:15:57]} {[%emt 00:00:26]} Ne6 {[%clk 00:38:08]} {[%emt
00:06:21]} 21. Qb4 {[%emt 00:01:41]} O-O-O {[%emt 00:02:17]} 22. Bb5 {[%clk
00:14:06]} {[%emt 00:00:52]} Qd6 {[%clk 00:36:41]} {[%emt 00:00:27]} 23. Qg4
{[%clk 00:08:00]} {[%emt 00:01:39]} Kc7 {[%clk 00:35:36]} 24. Kb1 {[%clk
00:08:00]} {[%emt 00:07:02]} Nd4 {[%clk 00:32:34]} 25. Bd3 e4 26. c3 f5 27. Qg3
Ne6 28. Qxd6+ 1/2-1/2